00269nam a2200073 4500100003700000245012200037260002900159300000700188 aJayasiri,Annapoorna Weerappulige aPCR Detection of Pork Contamination and Determination of Total Nitrite Content in Four Brands of Vegetable Baby Food. aRajagiriyabIchemcc2018 a24